Halloween (mort subite) - Statistiques

Statistiques générales
  • Ce quiz a été pris 281 fois
  • Le résultat moyen est 13 sur 17
Answers on the Grid
Answers color-coded by a green-red scale on the quiz's grid according to % correct below.
Sorcière
Citrouille
Fantôme
Vampire
Bonbons
Fiche de paie
Déguisement
Araignée
Chat rouge
Chauve-souris
Squelette
Free
Orange
Sang
Tombe
Octobre
Jack-o’-Latern
Toussaint
Mort
Zombie
Momie
 
Statistiques - réponses
Réponse % Correct
Sorcière
98%
Bonbons
95%
Citrouille
93%
Fantôme
89%
Vampire
89%
Déguisement
88%
Araignée
87%
Squelette
86%
Chauve-souris
82%
Sang
80%
Octobre
76%
Tombe
76%
Mort
56%
Zombie
55%
Orange
46%
Momie
36%
Toussaint
29%
Aucun quiz correspondant
Distribution des résultats
% des personnes avec chaque résultat
Percentile par nombre de réponses
Votre historique - résultats
Vous n’avez pas pris ce quiz